00505nam a2200169Ia 45000030006000000080041000060400015000471000020000622450027000822600031001093000006001405460012001469420012001589990017001700050017001879520131002040STCL150530s9999 xx 000 0 und d aSTCLcSTCL aBrahmachari, G. aOrganic Name Reactions bNarosa; Delhic2006aDelhi a0 aEnglish 2ddccBK c34002d3400220220125170321.0 00102ddc4070aSTCALbSTCALcGENd2015-05-30g350.00l15m5o547-563p55378r2025-12-06 13:27:12s2025-11-17w2015-05-30yBK